Na Fond národného majetku doteraz prešiel majetok za takmer 300 milárd korún

Činnosť FNM SR v r. 1995: prijímanie rozhodnutí, zakladanie akciových spoločností, priame predaje, verejné súťaže, predaj na kapitálovom trhu, reštitúcie, bezodplatné prevody, vymáhanie pohľadávok, peňažné príjmy a výdavky, stav peňažných prostriedkov.

Gespeichert in:
Bibliographische Detailangaben
1. Verfasser: Hajko, J.
Format: Buchkapitel
Sprache:Slowakisch
Schlagworte:
Tags: Tag hinzufügen
Keine Tags, Fügen Sie das erste Tag hinzu!

MARC

LEADER 00000naa a2200000 4500
001 r021128
005 20230921074127.3
041 0 |a slo 
044 |a SK 
245 1 0 |a Na Fond národného majetku doteraz prešiel majetok za takmer 300 milárd korún  |c J. Hajko 
520 |a Činnosť FNM SR v r. 1995: prijímanie rozhodnutí, zakladanie akciových spoločností, priame predaje, verejné súťaže, predaj na kapitálovom trhu, reštitúcie, bezodplatné prevody, vymáhanie pohľadávok, peňažné príjmy a výdavky, stav peňažných prostriedkov. 
610 2 0 |a Slovensko 
610 2 0 |a FNM SR Bratislava 
610 2 0 |a 1995 
610 2 0 |a privatizácia 
610 2 0 |a trh kapitálový 
610 2 0 |a akcie 
610 2 0 |a predaj priamy 
100 1 |a Hajko, J.